| 000 | 01292cad a22002295a 4500 | ||
|---|---|---|---|
| 001 | L156075 | ||
| 008 | 120430s2012 xxkad f s 000 0 eng d | ||
| 035 | _a(Sirsi) u156075 | ||
| 041 | 0 | _aeng | |
| 110 | 2 |
_aGVA _95945 |
|
| 245 | 0 | 4 |
_aThe big nine _bquarterly review of the regional office occupier markets Q1 2012 _h[electronic resource] |
| 260 |
_a[S.l.] _bGVA _c2012 |
||
| 490 | 0 |
_aGVA Big Nine Quarterly Review of the Regional Office Occupier Markets _vQ1 2012 |
|
| 505 | 2 | _aSummary -- City centre -- Out-of-town -- In focus: Liverpool | |
| 520 | _aProspects for the regional office market have improved considerably since the end of 2011 with average take-up being recorded in Q1 2012, traditionally the slowest quarter for activity. A large number of requirements have materialised making increased activity in Q2 and Q3 2012 more likely. Improved market sentiment is making occupiers with upcoming lease events start their search while quality stock remains. | ||
| 520 | _aBirmingham - Bristol - Cardiff - Edinburgh - Glasgow - Leeds - Liverpool - Manchester - Newcastle. | ||
| 590 | _aKA | ||
| 651 | 4 | _aUnited Kingdom | |
| 690 |
_aCommercial property _96227 |
||
| 856 | 4 | 0 |
_uhttps://www.gva.co.uk/research/offices/ _zView the report free of charge at www.gva.co.uk |
| 942 | _n0 | ||
| 999 |
_c114012 _d114012 |
||